5 most populated US states - Statistics

General Stats
  • This quiz has been taken 950 times
    876 since last reset
  • The average score is 5 of 5
Answer Stats
Hint Answer % Correct
Golden Gate California
98%
Big Apple New York
98%
Lasso Texas
95%
Oranges Florida
91%
Chicago Illinois
90%
No matching quizzes found
Score Distribution
Percent of People with Each Score
Percentile by Number Answered
Your Score History
You have not taken this quiz since the last reset